000 00650nam a2200145 4500
999 _c18488
_d18488
008 231122b ||||| |||| 00| 0 eng d
020 _a9780593203972
082 _22023
_aDFic
_bP223
100 _aParker, Natalie C.
_950163
245 _aThe devouring wolf /
_cNatalie C. Parker.
260 _aNew York :
_bRazorbill,
_c©2023.
300 _a275 pages :
_billustrations ;
_c20 cm.
520 _aTo find out why twelve-year-old Riley and the rest of the sapling pack did not transform into werewolves on the first full moon of the summer, they must unearth their community's deepest secrets and face a terrifying legendary creature.
942 _2ddc
_cDFIC